00424nam a2200145 a 450000500170000000800410001705000220005810000230008024500460010326000350014930000290018465000240021365000190023765000220025620140311163003.0021014s19uu xx 00 eng d aRC 440b.K36 2002 aKeltner, Norman L. aPsychiatric nursing /cNorman L. Keltner. aSingapore. :bElsevier,c1999. a756 p. :bill. ;c25 cm. aPsychiatric nursing aPsychotheraphy aNurse and patient